Tous les clubs du Big Five européen (2024-2025) - Statistiques

Statistiques générales
  • Ce quiz a été pris 581 fois
  • Le résultat moyen est 60 sur 96
Statistiques - réponses
% Correct
Ligue 1 Paris Saint-Germain
99%
Ligue 1 Olympique de Marseille
98%
Premier League Manchester City
96%
Ligue 1 Olympique Lyonnais
96%
Ligue 1 LOSC Lille
95%
Premier League Manchester United
95%
Ligue 1 Stade Rennais
93%
Ligue 1 AS Monaco
92%
Ligue 1 RC Lens
92%
Premier League Arsenal
91%
Ligue 1 FC Nantes
91%
Premier League Liverpool
90%
Ligue 1 OGC Nice
90%
Ligue 1 RC Strasbourg
90%
Liga Real Madrid
90%
Ligue 1 AS Saint-Etienne
89%
Premier League Chelsea
89%
Liga FC Barcelone
89%
Ligue 1 Stade Brestois
89%
Ligue 1 Toulouse
89%
Liga Atletico Madrid
86%
Bundesliga Bayern Munich
85%
Bundesliga Borussia Dortmund
85%
Serie A Inter Milan
85%
Ligue 1 Montpellier
85%
Serie A AC Milan
84%
Serie A Juventus Turin
84%
Premier League Aston Villa
83%
Premier League Tottenham
81%
Ligue 1 Stade de Reims
80%
Serie A Naples
79%
Serie A AS Rome
78%
Bundesliga Bayer Leverkusen
77%
Liga Betis Séville
76%
Ligue 1 SCO Angers
76%
Serie A Lazio Rome
75%
Ligue 1 Le Havre
75%
Ligue 1 AJ Auxerre
74%
Premier League West Ham
72%
Liga Athletic Club
70%
Premier League Newcastle
70%
Liga FC Séville
69%
Liga Valence
69%
Bundesliga RB Leipzig
67%
Premier League Leicester
66%
Liga Real Sociedad
64%
Premier League Brighton
62%
Premier League Everton
62%
Premier League Wolverhampton
62%
Serie A Atalanta Bergame
59%
Liga Girona
58%
Serie A Fiorentina
57%
Liga Villarreal
57%
Premier League Crystal Palace
56%
Serie A Torino
55%
Bundesliga VfB Stuttgart
54%
Bundesliga FC Union Berlin
53%
Premier League Nottingham Forest
53%
Bundesliga VfL Wolfsburg
53%
Bundesliga Eintracht Francfort
52%
Premier League Southampton
51%
Serie A Bologne
50%
Premier League Fulham
47%
Premier League Brentford
46%
Bundesliga Werder Brême
46%
Premier League AFC Bournemouth
45%
Liga Espanyol Barcelone
45%
Bundesliga Borussia Mönchengladbach
44%
Liga Las Palmas
44%
Premier League Ipswich
43%
Serie A Udinese
43%
Serie A Venezia
43%
Serie A Genoa
42%
Liga Getafe
42%
Serie A Côme
41%
Liga Real Valladolid
41%
Serie A Parme
40%
Serie A Cagliari
39%
Liga Celta Vigo
38%
Bundesliga Hoffenheim
38%
Liga RDC Majorque
38%
Bundesliga SC Fribourg
36%
Bundesliga FSV Mayence
35%
Serie A Hellas Verone
35%
Liga Osasuna
33%
Liga Rayo Vallecano
33%
Bundesliga Augsburg
30%
Serie A US Lecce
30%
Serie A AC Monza
29%
Bundesliga VFL Bochum
28%
Liga Leganés
25%
Liga Deportivo Alaves
24%
Serie A Empoli
24%
Bundesliga Heidenheim
24%
Bundesliga FC Sankt Pauli
22%
Bundesliga Holstein Kiel
20%
Aucun quiz correspondant
Distribution des résultats
% des personnes avec chaque résultat
Percentile par nombre de réponses
Votre historique - résultats
Vous n’avez pas pris ce quiz